Équipe d'Arsenal Champions League 2024/2025 - Statistiques

Statistiques générales
  • Ce quiz a été pris 80 fois
  • Le résultat moyen est 19 sur 23
Statistiques - réponses
Par images Réponse % Correct
William Saliba
97%
Bukayo Saka
93%
David Raya
93%
Neto
93%
Raheem Sterling
93%
Declan Rice
92%
Martin Ødegaard
92%
Gabriel
90%
Gabriel Martinelli
90%
Gabriel Jesus
89%
Leandro Trossard
88%
Riccardo Calafiori
88%
Thomas Partey
88%
Ben White
86%
Oleksandr Zinchenko
86%
Jorginho
85%
Mikel Merino
82%
Jurriën Timber
81%
Kai Havertz
78%
Takehiro Tomiyasu
75%
Kieran Tierney
71%
Jakub Kiwior
63%
Tommy Setford
15%
Aucun quiz correspondant
Distribution des résultats
% des personnes avec chaque résultat
Percentile par nombre de réponses
Votre historique - résultats
Vous n’avez pas pris ce quiz